000 00646nam a2200241Ia 4500
003 OSt
005 20220924123125.0
006 a|||||r|||| 00| 0
007 ta
008 220923b |||||||| |||| 00| 0 hin d
024 _a42589
037 _cTextual
040 _aARTS
_cARTS
_bhin
041 _2hin
_ahin
082 _aO15,2D40,1, 152N0
100 _aKalidasa
245 0 _aAbhijnana Shakuntlam with Hindi tr by Raghuvir Sastri
260 _aMeerut
_bGyan
_c1990
300 _a568p.
_ccm.
650 _aENGLISH LITERATURE
942 _hO15,2D40,1, 152N0
_cTEXL
_2CC
999 _c414415
_d414415